<?xml version="1.0" encoding="UTF-8"?>
<record
    xmlns:xsi="http://www.w3.org/2001/XMLSchema-instance"
    xsi:schemaLocation="http://www.loc.gov/MARC21/slim http://www.loc.gov/standards/marcxml/schema/MARC21slim.xsd"
    xmlns="http://www.loc.gov/MARC21/slim">

  <leader>01750nam a2200313 a 4500</leader>
  <controlfield tag="001">BRCA_4955</controlfield>
  <controlfield tag="005">20190320204857.0</controlfield>
  <controlfield tag="008">221010m18021803sp-######v---#000-0#spa-#</controlfield>
  <datafield tag="041" ind1=" " ind2=" ">
    <subfield code="a">spa</subfield>
  </datafield>
  <datafield tag="044" ind1=" " ind2=" ">
    <subfield code="a">sp</subfield>
  </datafield>
  <datafield tag="084" ind1=" " ind2=" ">
    <subfield code="a">DOC53</subfield>
    <subfield code="b">.D63</subfield>
    <subfield code="c">1802</subfield>
  </datafield>
  <datafield tag="245" ind1="1" ind2="0">
    <subfield code="a">Documento firmado por el [Rey Carlos IV] e Iturrigaray</subfield>
    <subfield code="c">Carlos IV, Jos&#xE9; Iturrigaray y Ar&#xF3;stegui.</subfield>
  </datafield>
  <datafield tag="260" ind1=" " ind2=" ">
    <subfield code="a">Madrid</subfield>
    <subfield code="c">1802-1803</subfield>
  </datafield>
  <datafield tag="300" ind1=" " ind2=" ">
    <subfield code="a">[5] fojas</subfield>
    <subfield code="c">30 x 21 cm</subfield>
  </datafield>
  <datafield tag="500" ind1=" " ind2=" ">
    <subfield code="a">Documento firmado el 18 de agosto de 1802</subfield>
  </datafield>
  <datafield tag="500" ind1=" " ind2=" ">
    <subfield code="a">Al Obispo de la Catedral de Guadalajara o al Dean y Cabildo en sede vacante de ella, encarg&#xE1;ndola procure conformarse y ayudar al Virrey Don Jos&#xE9; Iturrigaray en las cosas que se ofrecieron y que fuere conveniente su autoridad para el buen efecto. Anexo comunicaci&#xF3;n firmada el 15 de enero de 1803 dirigida al Obispo de Guadalajara en la que comunica estar enterado del nombramiento que el Rey ha expedido a su favor.</subfield>
  </datafield>
  <datafield tag="500" ind1=" " ind2=" ">
    <subfield code="a">El documento tiene el sello Real de Espa&#xF1;a en la foja 3</subfield>
  </datafield>
  <datafield tag="500" ind1=" " ind2=" ">
    <subfield code="a">El documento tiene la leyenda DOC. #63</subfield>
  </datafield>
  <datafield tag="500" ind1=" " ind2=" ">
    <subfield code="a">[Real c&#xE9;dula] firmada como &#xB4;Yo el Rey&#xB4;</subfield>
  </datafield>
  <datafield tag="500" ind1=" " ind2=" ">
    <subfield code="a">Estado de conservaci&#xF3;n: Contiene manchas de acidificaci&#xF3;n, humedad, roturas y dobleces en los m&#xE1;rgenes</subfield>
  </datafield>
  <datafield tag="506" ind1="0" ind2=" ">
    <subfield code="a">Fondo reservado: para su consulta es necesario credencial de usuario y carta de motivos</subfield>
  </datafield>
  <datafield tag="546" ind1=" " ind2=" ">
    <subfield code="a">Texto en: espa&#xF1;ol de principios del siglo XIX</subfield>
  </datafield>
  <datafield tag="600" ind1="1" ind2="4">
    <subfield code="a">Carlos</subfield>
    <subfield code="b">IV</subfield>
    <subfield code="c">Rey de Espa&#xF1;a</subfield>
    <subfield code="d">1748-1819</subfield>
    <subfield code="9">12606</subfield>
  </datafield>
  <datafield tag="651" ind1=" " ind2="4">
    <subfield code="a">M&#xE9;xico</subfield>
    <subfield code="v">Manuscrito</subfield>
    <subfield code="x">Historia</subfield>
    <subfield code="y">Colonia, 1521-1821</subfield>
    <subfield code="9">12607</subfield>
  </datafield>
  <datafield tag="651" ind1=" " ind2="4">
    <subfield code="a">Espa&#xF1;a</subfield>
    <subfield code="v">Manuscrito</subfield>
    <subfield code="x">Historia</subfield>
    <subfield code="y">Casa de Borb&#xF3;n, 1700</subfield>
    <subfield code="9">12608</subfield>
  </datafield>
  <datafield tag="700" ind1="1" ind2=" ">
    <subfield code="a">Iturrigaray y Ar&#xF3;stegui, Jos&#xE9; Joaqu&#xED;n Vicente de</subfield>
    <subfield code="c">Virrey de Nueva Espa&#xF1;a</subfield>
    <subfield code="d">1748-1819</subfield>
    <subfield code="9">12609</subfield>
  </datafield>
  <datafield tag="902" ind1=" " ind2=" ">
    <subfield code="a">FDH</subfield>
  </datafield>
  <datafield tag="942" ind1=" " ind2=" ">
    <subfield code="2">lcc</subfield>
    <subfield code="c">D</subfield>
  </datafield>
  <datafield tag="999" ind1=" " ind2=" ">
    <subfield code="c">4649</subfield>
    <subfield code="d">4649</subfield>
  </datafield>
  <datafield tag="952" ind1=" " ind2=" ">
    <subfield code="0">0</subfield>
    <subfield code="1">0</subfield>
    <subfield code="4">0</subfield>
    <subfield code="7">0</subfield>
    <subfield code="a">BRCA</subfield>
    <subfield code="b">BRCA</subfield>
    <subfield code="d">2010-10-22</subfield>
    <subfield code="l">0</subfield>
    <subfield code="o">DOC53 .D63 1802</subfield>
    <subfield code="p">5016</subfield>
    <subfield code="r">2019-03-22 00:00:00</subfield>
    <subfield code="w">2019-03-22</subfield>
    <subfield code="y">D</subfield>
  </datafield>
</record>
